header

The trypanosomiases (Record no. 45001)

MARC details
000 -LEADER
fixed length control field 01259nam a2200325Ia 4500
082 04 - DEWEY DECIMAL CLASSIFICATION NUMBER
Classification number 616.9/36301
245 04 - TITLE STATEMENT
Title The trypanosomiases
260 ## - PUBLICATION, DISTRIBUTION, ETC. (IMPRINT)
Place of publication Wallingford, UK ;
-- Cambridge, MA, USA :
Name of publisher CABI Pub.,
Year of publication c2004.
300 ## - PHYSICAL DESCRIPTION
Number of Pages xv, 614 p. :
Other physical details ill.
650 #0 - SUBJECT ADDED ENTRY--TOPICAL TERM
Topical Term Trypanosomiasis.
Topical Term Trypanosomiasis in animals.
700 1# - ADDED ENTRY--PERSONAL NAME
Personal name Maudlin, Ian,
Personal name Holmes, P. H.
Personal name Miles, Michael A.
856 40 - ELECTRONIC LOCATION AND ACCESS
Uniform Resource Identifier http://site.ebrary.com/lib/rucke/Doc?id=10073628

No items available.

© 2026 Rongo University
Contact us: librarian | system librarian | Rongo university